<?xml version="1.0" encoding="UTF-8"?><?xml-stylesheet type="text/xsl" href="static/style.xsl"?><OAI-PMH xmlns="http://www.openarchives.org/OAI/2.0/" xmlns:xsi="http://www.w3.org/2001/XMLSchema-instance" xsi:schemaLocation="http://www.openarchives.org/OAI/2.0/ http://www.openarchives.org/OAI/2.0/OAI-PMH.xsd"><responseDate>2026-06-05T14:46:27Z</responseDate><request verb="GetRecord" identifier="oai:riuma.uma.es:10630/32930" metadataPrefix="marc">https://riuma.uma.es/rest/oai/request</request><GetRecord><record><header><identifier>oai:riuma.uma.es:10630/32930</identifier><datestamp>2026-02-03T11:03:44Z</datestamp><setSpec>com_10630_2254</setSpec><setSpec>col_10630_37953</setSpec></header><metadata><record xmlns="http://www.loc.gov/MARC21/slim" xmlns:dcterms="http://purl.org/dc/terms/" xmlns:doc="http://www.lyncode.com/xoai" xmlns:xsi="http://www.w3.org/2001/XMLSchema-instance" xsi:schemaLocation="http://www.loc.gov/MARC21/slim http://www.loc.gov/standards/marcxml/schema/MARC21slim.xsd">
   <leader>00925njm 22002777a 4500</leader>
   <datafield ind2=" " ind1=" " tag="042">
      <subfield code="a">dc</subfield>
   </datafield>
   <datafield ind2=" " ind1=" " tag="720">
      <subfield code="a">Martín-Serra, Alberto</subfield>
      <subfield code="e">author</subfield>
   </datafield>
   <datafield ind2=" " ind1=" " tag="720">
      <subfield code="a">Benson, Roger B.J.</subfield>
      <subfield code="e">author</subfield>
   </datafield>
   <datafield ind2=" " ind1=" " tag="260">
      <subfield code="c">2020-03-03</subfield>
   </datafield>
   <datafield ind2=" " ind1=" " tag="520">
      <subfield code="a">Marsupials show a smaller range of forelimb ecomorphologies than placental mammals, and it is hypothesized that this results from macroevolutionary constraints imposed by the specialized reproductive biology of marsupials. Specifically, the accelerated&#xd;
development of the marsupial forelimb allows neonates to crawl to the mother’s pouch but may constrain adult morphology. This hypothesis makes three main predictions: (i) that marsupial forelimbs should show less interspecific disparity than their hindlimbs, (ii) that morphological integration within the marsupial forelimb is stronger than integration between limbs, and (iii) that these patterns should be strongest in diprotodontians, which undergo the most rigorous crawls as neonates. We use a three-dimensional geometric morphometric data set of limb bones for 51 marsupial species to test these predictions. We find that (i) marsupial forelimbs and hindlimbs show similar disparities, (ii) no clear differences in integration exist either within or between limbs, and (iii) the same patterns occur in diprotodontians as in other marsupials, even correcting for lineage age. Therefore, there is currently little evidence that the developmental biology of marsupials has constrained their macroevolutionary patterns. It is possible that functional selection can overcome the effects of developmental constraint on macroevolutionary timescales. Our findings suggest that the role of developmental constraints in explaining the limited phenotypic variability of marsupials (compared with that of placentals) should be reconsidered</subfield>
   </datafield>
   <datafield ind1="8" ind2=" " tag="024">
      <subfield code="a">Martín-Serra A and Benson RBJ. 2020. Developmental constraints do not influence long-term phenotypic evolution of marsupial forelimbs as revealed by interspecific disparity and integration patterns. The American Naturalist 195: 547-560</subfield>
   </datafield>
   <datafield ind1="8" ind2=" " tag="024">
      <subfield code="a">https://hdl.handle.net/10630/32930</subfield>
   </datafield>
   <datafield ind1="8" ind2=" " tag="024">
      <subfield code="a">10.1086/707194</subfield>
   </datafield>
   <datafield tag="653" ind2=" " ind1=" ">
      <subfield code="a">Marsupiales - Evolución</subfield>
   </datafield>
   <datafield tag="653" ind2=" " ind1=" ">
      <subfield code="a">Marsupiales - Morfología</subfield>
   </datafield>
   <datafield ind2="0" ind1="0" tag="245">
      <subfield code="a">Developmental constraints do not influence long-term phenotypic evolution of marsupial forelimbs as revealed by interspecific disparity and integration patterns.</subfield>
   </datafield>
</record>
</metadata></record></GetRecord></OAI-PMH>